[Event "UKR-ch 92nd"]
[Site "Lvov"]
[Date "2024.12.21"]
[Round "8"]
[White "Brodsky, Michail"]
[Black "Medvedyk, Volodymyr"]
[Result "1-0"]
[WhiteElo "2524"]
[BlackElo "2138"]
[PlyCount "71"]
[EventDate "2024.12.14"]
[EventType "swiss"]
[EventRounds "9"]
[EventCountry "UKR"]
[SourceTitle "CB52_2024"]
[SourceDate "2024.12.25"]
[SourceVersion "1"]
[SourceVersionDate "2024.12.25"]
[SourceQuality "1"]

1. d4 Nf6 2. c4 g6 3. Nc3 Bg7 4. e4 d6 5. Be2 0-0 6. Be3 c5 7. d5 e6 8. Nf3 exd5 9. cxd5 Bg4 10. Nd2 Bxe2 11. Qxe2 Re8 12. 0-0 Nbd7 13. a4 a6 14. h3 b5 15. axb5 axb5 16. Qxb5 Rb8 17. Qa6 Rxb2 18. Qxd6 Ng4 19. hxg4 Bxc3 20. Ra7 Nf6 21. Nc4 Rb4 22. Qxc5 Nxe4 23. Qc6 Qb8 24. d6 Nf6 25. g5 Ng4 26. Qd7 Rf8 27. Qxg4 Qxd6 28. Nxd6 Rxg4 29. f4 Rh4 30. Rc1 Bg7 31. g3 Rh5 32. Rcc7 Rb8 33. Rxf7 Bf8 34. Ne4 Rb1+ 35. Kg2 Rb2+ 36. Kf3 1-0

[Event "Lvov LDU FK Blitz"]
[Site "Lvov"]
[Date "2024.12.09"]
[Round "7"]
[White "Goncharenko, Rostislav"]
[Black "Medvedyk, Volodymyr"]
[Result "0-1"]
[WhiteElo "1731"]
[BlackElo "2138"]
[PlyCount "100"]
[EventDate "2024.12.09"]
[EventType "tourn (blitz)"]
[EventRounds "9"]
[EventCountry "UKR"]
[SourceTitle "CB50_2024"]
[SourceDate "2024.11.01"]
[SourceVersion "1"]
[SourceVersionDate "2024.11.01"]
[SourceQuality "2"]

1. d4 Nf6 2. Bf4 d6 3. c3 g6 4. e3 Bg7 5. Nf3 0-0 6. Nbd2 Nc6 7. Be2 Re8 8. 0-0 e5 9. dxe5 dxe5 10. Bg3 Bf5 11. Bc4 h6 12. Re1 a6 13. e4 Bd7 14. Qc2 Qe7 15. Rad1 Nh5 16. Bd5 Nf4 17. Nb3 Rad8 18. Nfd2 h5 19. f3 h4 20. Bf2 Qg5 21. g3 Nh3+ 22. Kg2 Nxf2 23. Kxf2 Be6 24. Bxe6 Rxe6 25. Nc4 Rxd1 26. Rxd1 hxg3+ 27. hxg3 Qh5 28. Kg2 g5 29. Rh1 Qg6 30. Nc5 Re8 31. g4 Nd8 32. Ne3 Bf8 33. Nd3 Ne6 34. Nf5 Qf6 35. b4 Rd8 36. Kg3 Nf4 37. Nxf4 exf4+ 38. Kg2 Qc6 39. a3 Qc4 40. Rd1 Rxd1 41. Qxd1 Qxc3 42. Qd8 Qb2+ 43. Kh3 Qh8+ 44. Kg2 Qb2+ 45. Kg1 Qb1+ 46. Kf2 Qb2+ 47. Kf1 Qb1+ 48. Ke2 Qb2+ 49. Qd2 Qxa3 50. Qd4 Qa2+ 0-1

[Event "Lvov LDU FK Blitz"]
[Site "Lvov"]
[Date "2024.12.09"]
[Round "1"]
[White "Kravtsiv, Martyn"]
[Black "Medvedyk, Volodymyr"]
[Result "1-0"]
[WhiteElo "2598"]
[BlackElo "2138"]
[PlyCount "63"]
[EventDate "2024.12.09"]
[EventType "tourn (blitz)"]
[EventRounds "9"]
[EventCountry "UKR"]
[SourceTitle "CB50_2024"]
[SourceDate "2024.11.01"]
[SourceVersion "1"]
[SourceVersionDate "2024.11.01"]
[SourceQuality "2"]

1. e4 c5 2. Nc3 a6 3. f4 b5 4. Nf3 Bb7 5. d3 e6 6. Qe2 Nc6 7. g3 Be7 8. Bg2 d5 9. 0-0 d4 10. Nd1 Nf6 11. Nf2 h5 12. h3 Rc8 13. e5 Nd5 14. Ne4 Qc7 15. a3 Qd7 16. Kh2 c4 17. Rb1 a5 18. Qf2 Nb6 19. Re1 b4 20. f5 exf5 21. Nd6+ Bxd6 22. exd6+ Kf8 23. Nxd4 Nxd4 24. Qxd4 Bxg2 25. Kxg2 Qc6+ 26. Kg1 cxd3 27. cxd3 Nd5 28. Bg5 f6 29. Rbc1 Qxd6 30. Rxc8+ Kf7 31. Bf4 Nxf4 32. Qxd6 1-0

[Event "Lvov-ch Rapid"]
[Site "Lvov"]
[Date "2024.10.27"]
[Round "7"]
[White "Filippskikh, Oleksii"]
[Black "Medvedyk, Volodymyr"]
[Result "1-0"]
[WhiteElo "1996"]
[BlackElo "2138"]
[PlyCount "77"]
[EventDate "2024.10.26"]
[EventType "swiss (rapid)"]
[EventRounds "10"]
[EventCountry "UKR"]
[SourceTitle "CB44_2024"]
[Source "Chessbase"]
[SourceDate "2024.10.30"]
[SourceVersion "1"]
[SourceVersionDate "2024.10.30"]
[SourceQuality "1"]

1. d4 Nf6 2. c4 d6 3. Nf3 g6 4. g3 Bg7 5. Bg2 0-0 6. 0-0 Nc6 7. Nc3 Bf5 8. Nh4 Bd7 9. b3 Qc8 10. Re1 Bh3 11. Bh1 h6 12. Bb2 e5 13. dxe5 Nxe5 14. Nf3 Nfg4 15. Qd2 c6 16. Rad1 Qf5 17. Qf4 Rad8 18. Qxf5 gxf5 19. Nh4 Nxf2 20. Kxf2 Ng4+ 21. Kg1 Ne3 22. Rd2 d5 23. cxd5 cxd5 24. Nd1 d4 25. Nxe3 dxe3 26. Rxd8 Rxd8 27. Bxg7 Kxg7 28. Bxb7 Rd2 29. Ng2 Bxg2 30. Kxg2 Rxa2 31. Kf3 a5 32. Bd5 Ra3 33. Rc1 a4 34. b4 Kf6 35. b5 Ke5 36. Bxf7 Kf6 37. Bc4 Ke5 38. b6 Kd6 39. Bg8 1-0

[Event "Lvov-ch Rapid"]
[Site "Lvov"]
[Date "2024.10.26"]
[Round "1"]
[White "Medvedyk, Volodymyr"]
[Black "Huzela, Lukyan"]
[Result "1-0"]
[WhiteElo "2138"]
[BlackElo "1651"]
[PlyCount "77"]
[EventDate "2024.10.26"]
[EventType "swiss (rapid)"]
[EventRounds "10"]
[EventCountry "UKR"]
[SourceTitle "CB44_2024"]
[Source "Chessbase"]
[SourceDate "2024.10.30"]
[SourceVersion "1"]
[SourceVersionDate "2024.10.30"]
[SourceQuality "1"]

1. c4 e5 2. g3 c6 3. d4 exd4 4. Qxd4 Nf6 5. Bg2 Bb4+ 6. Bd2 Qe7 7. Bxb4 Qxb4+ 8. Nd2 0-0 9. Ngf3 Na6 10. 0-0 Nc7 11. a3 Qe7 12. e4 d6 13. Rfe1 Ne6 14. Qc3 Rd8 15. Rad1 Bd7 16. Nb3 Rac8 17. Nh4 g6 18. Nf5 gxf5 19. exf5 Ne8 20. fxe6 Bxe6 21. Nd4 Ng7 22. Bh3 Qd7 23. Nxe6 fxe6 24. Qe3 Re8 25. Qxa7 c5 26. Qb6 Rc6 27. Qb3 Qe7 28. Rd2 Rf8 29. Rde2 Rf6 30. Qa4 Rh6 31. Bg2 Rc7 32. Qa5 Nf5 33. Rxe6 Rxe6 34. Rxe6 Qd7 35. Qe1 Nd4 36. Re8+ Kg7 37. Bd5 Qf5 38. Rg8+ Kf6 39. Rf8+ 1-0

[Event "Lvov Bobersky 150 ann"]
[Site "Lvov"]
[Date "2023.12.19"]
[Round "6"]
[White "Biletskyy, Dmytro"]
[Black "Medvedyk, Volodymyr"]
[Result "1/2-1/2"]
[WhiteElo "1926"]
[BlackElo "2138"]
[PlyCount "54"]
[EventDate "2023.12.19"]
[EventType "tourn (blitz)"]
[EventRounds "14"]
[EventCountry "UKR"]
[SourceTitle "CBM 217 Extra"]
[Source "ChessBase"]
[SourceDate "2024.01.31"]
[SourceVersion "1"]
[SourceVersionDate "2024.01.31"]
[SourceQuality "1"]

1. e4 c5 2. Nf3 d6 3. Bb5+ Bd7 4. Bxd7+ Qxd7 5. c3 Nf6 6. Qe2 Nc6 7. 0-0 e6 8. d4 cxd4 9. cxd4 d5 10. e5 Ne4 11. Nbd2 Nxd2 12. Bxd2 Be7 13. Rac1 0-0 14. a3 a6 15. Rc2 Rfc8 16. Rfc1 h6 17. Qd3 Na7 18. Be1 Rxc2 19. Rxc2 Rc8 20. h3 Rxc2 21. Qxc2 Qc6 22. Qxc6 Nxc6 23. Kf1 f6 24. exf6 Bxf6 25. Bc3 Kf7 26. Ke2 Ke7 27. Kd3 Kd6 1/2-1/2

[Event "Lvov Buturina Memorial 3rd"]
[Site "Lvov"]
[Date "2023.11.17"]
[Round "6"]
[White "Prokofyev, Valentyn"]
[Black "Medvedyk, Volodymyr"]
[Result "1-0"]
[WhiteElo "2340"]
[BlackElo "2138"]
[PlyCount "115"]
[EventDate "2023.11.16"]
[EventType "swiss"]
[EventRounds "9"]
[EventCountry "UKR"]
[SourceTitle "CBM 217 Extra"]
[Source "ChessBase"]
[SourceDate "2024.01.31"]
[SourceVersion "1"]
[SourceVersionDate "2024.01.31"]
[SourceQuality "1"]

1. d4 Nf6 2. c4 d6 3. Nf3 g6 4. Nc3 Bg7 5. e4 0-0 6. Be2 Na6 7. 0-0 e5 8. Be3 Qe7 9. dxe5 dxe5 10. Nd5 Qd6 11. Nxf6+ Qxf6 12. c5 Nb4 13. a3 Nc6 14. Bg5 Qe6 15. Qc1 Nd4 16. Nxd4 exd4 17. f3 Qc6 18. Bd3 b6 19. b4 bxc5 20. Be7 Re8 21. Qxc5 Qd7 22. Bh4 Re5 23. Qc2 a5 24. Bg3 Re6 25. Qxc7 Qxc7 26. Bxc7 axb4 27. axb4 Rxa1 28. Rxa1 Rc6 29. Bf4 Bf8 30. Bd2 Kg7 31. b5 Rc7 32. Kf2 Rb7 33. Bf4 Bd7 34. Rb1 Bc5 35. Ke2 Be6 36. Rc1 Bb6 37. Rc6 Bd7 38. Be5+ Kg8 39. Rd6 Kf8 40. Bc4 Ke7 41. Kd3 Bc7 42. Rd5 Be6 43. Bxc7 Bxd5 44. b6 Bxc4+ 45. Kxc4 d3 46. Kxd3 Kd7 47. Kd4 f6 48. Kd5 h6 49. f4 g5 50. f5 h5 51. e5 fxe5 52. Kxe5 Ke7 53. f6+ Kf7 54. Kf5 g4 55. Kg5 h4 56. Kxh4 g3 57. Kxg3 Kxf6 58. Kf4 1-0

[Event "Brody Bryvko Memorial 2nd"]
[Site "Brody"]
[Date "2022.12.11"]
[Round "4"]
[White "Tretiak, Igor"]
[Black "Medvedyk, Volodymyr"]
[Result "0-1"]
[WhiteElo "1101"]
[BlackElo "2158"]
[PlyCount "100"]
[EventDate "2022.12.11"]
[EventType "swiss (blitz)"]
[EventRounds "9"]
[EventCountry "UKR"]
[SourceTitle "CBM 211 Extra"]
[Source "ChessBase"]
[SourceDate "2023.01.31"]
[SourceVersion "1"]
[SourceVersionDate "2023.01.31"]
[SourceQuality "1"]

1. e4 c5 2. Nf3 d6 3. d4 cxd4 4. Nxd4 Nf6 5. Nc3 a6 6. Be3 e5 7. Nb3 Be6 8. f3 Nbd7 9. Qd2 h5 10. 0-0-0 Rc8 11. Bg5 Be7 12. h3 b5 13. g4 hxg4 14. fxg4 b4 15. Ne2 Bxb3 16. axb3 Nxe4 17. Bxe7 Qa5 18. Kb1 Nxd2+ 19. Rxd2 Kxe7 20. Bg2 Nf6 21. Rhd1 Rcd8 22. Ng3 g6 23. Bd5 Nxd5 24. Rxd5 Qb6 25. Ne4 Rxh3 26. Ng5 Rg3 27. Rf1 f6 28. Ne4 Rg1 29. Rdd1 Rxf1 30. Rxf1 d5 31. Ng3 Qe3 32. Nh1 Rh8 33. Ka2 Rh2 34. Kb1 Qe2 35. Rc1 Qg2 36. g5 fxg5 37. Ka2 Rxh1 38. Rxh1 Qxh1 39. c4 bxc3 40. bxc3 d4 41. cxd4 exd4 42. b4 d3 43. b5 axb5 44. Kb2 d2 45. Kc3 d1R 46. Kb4 Qd5 47. Ka5 b4+ 48. Kb6 Rc1 49. Ka6 Rc6+ 50. Kb7 Qd7+ 0-1

[Event "Lvov Buturina Memorial 2nd"]
[Site "Lvov"]
[Date "2022.11.20"]
[Round "8"]
[White "Karpinets, Andrian"]
[Black "Medvedyk, Volodymyr"]
[Result "0-1"]
[WhiteElo "1370"]
[BlackElo "2158"]
[PlyCount "90"]
[EventDate "2022.11.18"]
[EventType "swiss (rapid)"]
[EventRounds "9"]
[EventCountry "UKR"]
[SourceTitle "CBM 212 Extra"]
[Source "ChessBase"]
[SourceDate "2023.03.31"]
[SourceVersion "1"]
[SourceVersionDate "2023.03.31"]
[SourceQuality "1"]

1. e4 c5 2. b3 a6 3. Bb2 Nc6 4. Nf3 e6 5. d4 cxd4 6. Nxd4 Nf6 7. Nxc6 bxc6 8. e5 Ne4 9. Qd4 Qa5+ 10. c3 f5 11. b4 Qd8 12. Bd3 c5 13. Qe3 cxb4 14. Bxe4 fxe4 15. 0-0 Bb7 16. Nd2 Qh4 17. Rfe1 Rc8 18. Rac1 Bc5 19. Qg3 Qxg3 20. hxg3 Rf8 21. Re2 Rxf2 22. Rxf2 e3 23. Kf1 bxc3 24. Rxc3 exf2 25. Nb3 Bb6 26. Rxc8+ Bxc8 27. Bd4 Bxd4 28. Nxd4 d6 29. exd6 Kd7 30. Kxf2 Kxd6 31. Ne2 Ke5 32. Ke3 Bb7 33. Nf4 g5 34. Nh3 h6 35. Nf2 h5 36. Nh3 Kf5 37. Kf2 Bd5 38. a3 Bc4 39. g4+ hxg4 40. Ng1 Kf4 41. g3+ Ke4 42. Kg2 Ke3 43. Kh2 Kf2 44. Kh1 Kxg3 45. a4 Bd5+ 0-1

[Event "Lvov Zheliandinov Memorial"]
[Site "Lvov"]
[Date "2022.08.10"]
[Round "7"]
[White "Medvedyk, Volodymyr"]
[Black "Shevchuk, Dmytro1"]
[Result "1-0"]
[WhiteElo "2111"]
[BlackElo "1799"]
[PlyCount "79"]
[EventDate "2022.08.06"]
[EventType "tourn"]
[EventRounds "11"]
[EventCountry "UKR"]
[SourceTitle "CBM 209 Extra"]
[Source "ChessBase"]
[SourceDate "2022.09.30"]
[SourceVersion "1"]
[SourceVersionDate "2022.09.30"]
[SourceQuality "1"]

1. Nf3 d5 2. c4 c6 3. g3 Nf6 4. Bg2 g6 5. b3 Bg7 6. Bb2 0-0 7. 0-0 Bf5 8. d3 Qc8 9. Re1 Bh3 10. Bh1 Qg4 11. Qc2 Nbd7 12. Nbd2 Qh5 13. e4 dxe4 14. dxe4 e5 15. c5 Ng4 16. b4 f5 17. Rad1 f4 18. Nc4 Nh6 19. Qb3 Kh8 20. Nd6 Bg4 21. Rd3 b6 22. cxb6 axb6 23. a3 Rf6 24. Nc4 Rf7 25. Rxd7 Bxd7 26. Nfxe5 Re7 27. Nxd7 Ng4 28. h4 g5 29. Bf3 gxh4 30. Nf6 Bxf6 31. Bxf6+ Rg7 32. Bxg7+ Kxg7 33. Qc3+ Kg8 34. Bxg4 Qxg4 35. Ne5 Qh3 36. Qxc6 Ra7 37. Qd5+ Kg7 38. Nf3 hxg3 39. Qe5+ Kg8 40. Qb8+ 1-0

[Event "Lvov Zheliandinov Memorial"]
[Site "Lvov"]
[Date "2022.08.06"]
[Round "1"]
[White "Medvedyk, Volodymyr"]
[Black "Hnatyshyn, Anastasiya"]
[Result "1/2-1/2"]
[WhiteElo "2111"]
[BlackElo "2061"]
[PlyCount "112"]
[EventDate "2022.08.06"]
[EventType "tourn"]
[EventRounds "11"]
[EventCountry "UKR"]
[SourceTitle "CBM 209 Extra"]
[Source "ChessBase"]
[SourceDate "2022.09.30"]
[SourceVersion "1"]
[SourceVersionDate "2022.09.30"]
[SourceQuality "1"]

1. Nf3 Nf6 2. c4 e6 3. g3 d5 4. Bg2 dxc4 5. Qa4+ Bd7 6. Qxc4 Bc6 7. 0-0 Be7 8. Nc3 0-0 9. d4 Ne4 10. Qd3 Nxc3 11. bxc3 Nd7 12. e4 Nc5 13. Qe3 Nxe4 14. Ne5 Nf6 15. Bxc6 bxc6 16. c4 Bd6 17. Nxc6 Qd7 18. Qf3 a5 19. Rb1 Bb4 20. Bg5 Ra6 21. Nxb4 axb4 22. Bxf6 gxf6 23. Qxf6 Rxa2 24. Qg5+ Kh8 25. Qf6+ Kg8 26. Rxb4 Ra5 27. Rfb1 Rf5 28. Qh4 c5 29. dxc5 Rxc5 30. Qg4+ Kh8 31. Rb7 Qd3 32. Rb8 Rcc8 33. Qf4 Kg7 34. Qe5+ Kg6 35. R1b5 h6 36. Qh5+ Kg7 37. Qe5+ Kg6 38. Qh5+ Kg7 39. Rxc8 Rxc8 40. Rb7 Qg6 41. Qe2 Rc5 42. Rb5 Rc8 43. c5 Qg5 44. Qb2+ Qf6 45. Qc1 Qe5 46. h4 Ra8 47. Rb1 Ra5 48. c6 Rc5 49. Qd1 Rxc6 50. Qg4+ Kh7 51. Rb7 Rc1+ 52. Kh2 Rh1+ 53. Kxh1 Qd5+ 54. Kh2 Qxb7 55. Qf4 Kg7 56. Qe5+ Kg8 1/2-1/2

[Event "EU Universities Rapid"]
[Site "Lodz"]
[Date "2022.07.16"]
[Round "3.12"]
[White "Medvedyk, Volodymyr"]
[Black "Grimm, Gyorgy"]
[Result "1-0"]
[WhiteElo "2111"]
[BlackElo "2146"]
[PlyCount "107"]
[EventDate "2022.07.16"]
[EventType "team-swiss (rapid)"]
[EventRounds "9"]
[EventCountry "POL"]
[SourceTitle "CBM 209 Extra"]
[Source "ChessBase"]
[SourceDate "2022.09.30"]
[SourceVersion "1"]
[SourceVersionDate "2022.09.30"]
[SourceQuality "1"]
[WhiteTeam "Lvov Physical Cultur Univ"]
[BlackTeam "Hungarian Sports Science Univ"]
[WhiteTeamCountry "UKR"]
[BlackTeamCountry "HUN"]

1. c4 Nf6 2. g3 c6 3. Bg2 d5 4. Nf3 e6 5. 0-0 Nbd7 6. d4 Bd6 7. Nc3 0-0 8. Nd2 Re8 9. e4 dxe4 10. Ndxe4 Nxe4 11. Nxe4 Be7 12. Re1 Nf6 13. Nc3 Qc7 14. Qc2 Bd7 15. Bf4 Bd6 16. Be5 Ng4 17. Bxd6 Qxd6 18. Ne4 Qe7 19. c5 Nf6 20. Nd6 Reb8 21. Nc4 Rd8 22. b4 Be8 23. Nd6 Rxd6 24. cxd6 Qxd6 25. Qc5 Qc7 26. b5 Nd7 27. Qc3 c5 28. Rac1 Rc8 29. d5 exd5 30. Bxd5 Nf6 31. Bc4 b6 32. Rcd1 Kf8 33. Qe3 Rd8 34. Rxd8 Qxd8 35. Qe5 h6 36. a4 g6 37. a5 bxa5 38. Qxc5+ Kg7 39. Qxa7 Qd2 40. Qe3 Qb2 41. Qe5 Qb4 42. Bd3 Bd7 43. Rb1 Qd2 44. Bf1 Bf5 45. Ra1 Qb4 46. Qe1 Qc5 47. Qxa5 Ne4 48. Qe1 Ng5 49. Qe3 Qb4 50. Rc1 Be4 51. Qc3+ Qxc3 52. Rxc3 Nf3+ 53. Rxf3 Bxf3 54. b6 1-0